Statystyki dla 100 najszybszych piłkarzy w EA FC 24

Kliknij tutaj aby rozwiązać quiz!

Ogólne statystyki

  • Ten quiz został rozwiązany 36 razy
  • Średni wynik to 18 z 100

Statystyki odpowiedzi

OverallTempoNarodowośćKlubPozycjaZawodnik% Poprawnych
9197FrancjaPSGNKylian Mbappe
100%
8995BrazyliaReal MadrytLSVinicius Junior
84%
8395KanadaBayernLOAlphonso Davies
75%
8495FrancjaAston VillaPPMoussa Diaby
69%
8096NiemcyBorussia DortmundLPKarim Adeyemi
59%
8394HolandiaBayer LeverkusenCPSJeremie Frimpong
56%
8194GhanaAthletic BilbaoPPInaki Williams
53%
7993HiszpaniaAthletic BilbaoPPNico Williams
53%
7591UkrainaChelseaLSMykhailo Mudryk
50%
8491NiemcyBayernPPLeroy Sane
47%
8693FrancjaPSGPSOusmane Dembele
44%
7791BelgiaManchester CityPPJeremy Doku
41%
8693PortugaliaAC MilanLSRafael Leao
41%
8492MarokoPSGPOAchraf Hakimi
38%
8191HiszpaniaFC BarcelonaLOAlejandro Balde
38%
6892KostarykaColorado RapidsPPDiaz
38%
8292FrancjaReal MadrytLOFerland Mendy
38%
8491KolumbiaLiverpoolLSLuis Diaz
38%
8491BrazyliaFC BarcelonaPSRaphinha
38%
8593FrancjaAC MilanLOTheo Hernandez
38%
8291NiemcyRB LipskNTimo Werner
38%
7091SzwecjaWolfsburgNAmin Sarr
34%
7694SenegalOlympique MarsyliaPPBouna Sarr
34%
7593WaliaLeeds UnitedPPDaniel James
34%
8491WłochyJuventusLPFederico Chiesa
34%
8193MeksykPSVPSHirving Lozano
34%
8293BelgiaRB LipskNLoic Openda
34%
7991PolskaLensCPSPrzemysław Frankowski
34%
8491FrancjaPSGNRandal Kolo Muani
34%
7894SurinamUnion BerlinNSheraldo Becker
34%
7691SzwajcariaAC MilanNNoah Okafor
31%
7493GhanaSouthamptonLSKamaldeen Sulemana
28%
8091WłochyRomaCLSLeonardo Spinazzola
28%
7291KanadaClub BruggePPTajon Buchanan
28%
7793HolandiaSportingŚOJeremiah St. Juste
25%
6991PolskaNorwich CityLPPrzemysław Płacheta
25%
7591SenegalAS MonacoPPKrepin Diatta
22%
6991PolskaLegia WarszawaLPPatryk Kun
22%
7991DaniaBenficaPOAlexander Bah
19%
7892BrazyliaFC PortoLPGaleno
19%
7294NiemcyBrentfordPSKevin Schade
19%
7992WłochyLazioPOManuel Lazzari
19%
8393PortugaliaBenficaŚNRafa
19%
7794BrazyliaAl-HilalLPMichael Oliveira
16%
7791NigeriaOGC NiceNTerem Moffi
16%
7991HiszpaniaRayo VallecanoLPAlvaro Garcia
13%
7693NigeriaFC PortoLOZaidu Sanusi
13%
7392HiszpaniaLas PalmasPPFrancisco Garcia
9%
6791PolskaKonyasporPSKonrad Michalak
9%
7492JaponiaCeltic GlasgowLSDaizen Maeda
6%
7592MaliMontpellierPOFalaye Sacko
6%
6891IrlandiaUdinesePPFesty Ebosele
6%
7191HiszpaniaHuescaPPGerard Valentin Sancho
6%
7593MaliRed Bull SalzburgNSekou Koita
6%
7493NigeriaFenerbahcePOBright Osayi-Samuel
3%
7091IrlandiaLuton TownŚNChiedozie Ogbene
3%
6892HolandiaAZ AlkmaarLSErnest Poku
3%
7492NigeriaAl-FayhaLSHenry Onyekuru
3%
6791NiemcyWerder BremaNJustin Njinmah
3%
6691PolskaZagłębie LubinŚNMateusz Wdowiak
3%
7393D. Rep. KongaYoung BoysNMeschak Elia
3%
7592HolandiaCoventry CityCPSMilan van Ewijk
3%
7092GambiaSivassporPPModou Barrow
3%
6692BrazyliaD.C. UnitedPORuan
3%
6991Arabia SaudyjskaAl-IttihadPPAbdulrahman Al-Obud
0%
6691GambiaSD HuescaNAboubakary Kante
0%
6691DaniaFK BodøLOAdam Sorensen
0%
6991GrecjaAroucaPPAlfonso Trezza
0%
7391KolumbiaIndependiente MedellínLPAndres Ibarguen
0%
6891AngliaWest Bromwich AlbionNBrandon Thomas-Asante
0%
6793USASan Jose EarthquakesLPCade Cowell
0%
6493RumuniaHermannstadtPSChristian Barbut
0%
6693NiemcyVFL OsnabruckPSChristian Conteh
0%
6492AngliaRotherdam UnitedCLSCohen Bramall
0%
6791AngliaCharlton AthleticLSCorey Blackett-Taylor
0%
6591AngliaPeterborough UnitedPPDavid Ajiboye
0%
6991KolumbiaIndependiente MedellínPPDeinner Quinones
0%
6591SzwajcariaServette FCNDimitri Oberlin
0%
6791ZambiaBK HäckenPSEdward Chilufya
0%
6292AngliaStevenageNElliott List
0%
6991WKSMiddlesbroughNEmmanuel Latte Lath
0%
6791USALe HavrePSEmmanuel Sabbi
0%
6991ZambiaQingdao HainiuNEvans Kangwa
0%
6692Arabia SaudyjskaAl-ShababPOFawaz Al-Sagour
0%
7191Gwinea BissauIncheonLSGerso
0%
7091SzwecjaMetzPSJoel Asoro
0%
7091AngliaSwansea CityNJosh Ginnelly
0%
6892NiemcyKaiserslauternLPKenny Prince Redondo
0%
6891AlgieriaUnion SGPPMohamed Amoura
0%
6893Arabia SaudyjskaAl-ShababLOMoteb Al-Harbi
0%
7192NiemcyRapid WiedeńPPNicolas Kuhn
0%
7192WaliaGlasgow RangersLSRabbi Matondo
0%
6791AngliaRotherham UnitedNSam Nombe
0%
7392NigeriaAl-OkhdoodLSSaviour Godwin
0%
6692NiemcyDalian ProNStreli Mamba
0%
7091HiszpaniaReal OviedoPPViti Rozada
0%
6991WaliaIpswich TownPPWes Burns
0%
7393Korea Płd.Ulsan HyundaiPPWon-sang Um
0%
6691EkwadorIndependiente del ValleCLSYaimar Medina
0%
7293BelgiaPSVPSYorbe Vertessen
0%

Rozkład punktacji

Percentyl według liczby udzielonych odpowiedzi

Procent ludzi z każdym wynikiem

Twoja historia wyników

Nie rozwiązałeś tego quizu